000 00322nam a2200133Ia 4500
008 191201s2013 xx 000 0 und d
082 _a004.0151
_bRAC
100 _aRAJARAMAN, V
245 0 _aComputer Oriented Numerical Methods
250 _aRep
260 _c2013
_bPHI
_aNEW DELHI
300 _a196
942 _2ddc
_cBK
_011
999 _c7878
_d7878